Building construction as an engine of economic growth : an evaluation of the Colombian development plan /

Bibliographic Details
Main Author: Fox, Lisa P.
Format: Thesis Microform Book
Language:English
Published: [Place of publication not identified] : [publisher not identified] ; 1976.
Subjects:

MARC

Tag First Indicator Second Indicator Subfields
LEADER 00000cam a2200000 a 4500
001 in00000012652
005 20151007051855.0
007 he amb|||||||
008 880418r19771976miua bb 00010 eng d
035 |a (OCoLC)17801445 
035 |9 AAA5227AM 
040 |a TXA  |c TXA  |d UtOrBLW 
043 |a s-ck--- 
049 |a TXAI 
099 |a fiche  |a C  |a 8621 
100 1 |a Fox, Lisa P. 
245 1 0 |a Building construction as an engine of economic growth :  |b an evaluation of the Colombian development plan /  |c by Lisa P. Fox. 
264 1 |a [Place of publication not identified] :  |b [publisher not identified] ;  |c 1976. 
300 |a 230 leaves :  |b illustrations 
336 |a text  |b txt  |2 rdacontent 
337 |a microform  |b h  |2 rdamedia 
338 |a microfiche  |b he  |2 rdacarrier 
502 |b Ph. D.  |c University of North Carolina  |d 1976. 
504 |a Bibliography: leaves [222]-230. 
533 |a Microfiche.  |b Ann Arbor, Mich. :  |c Xerox University Microfilms,  |d 1977.  |e 3 microfiches ; 11 x 15 cm. 
500 |a Microform. 
651 0 |a Colombia  |x Economic policy. 
650 0 |a Building  |x Economic aspects  |z Colombia  |x Mathematical models. 
999 |a MARS 
999 f f |s fb081e1e-a9f8-3544-bb1b-c161cb048798  |i 612f1454-828e-300f-9736-5c796289c3c2  |t 0 
952 f f |p normal  |a Texas A&M University  |b College Station  |c Sterling C. Evans Library  |d Evans: Microforms (3rd floor)  |t 0  |e fiche C 8621  |h Other scheme  |i microform -- microfiche  |m A14822826720 
998 f f |a fiche C 8621  |t 0  |l Evans: Microforms (3rd floor)